00714pam a2200241 a 450000100070000000500170000700800410002401000170006502000150008204000180009704100080011506000160012308000160013908200200015510000060017510100080018124500550018950400390024490600450028394200120032899900170034095201150035795149520180220041348.0840515s1985 flua b 001 0 eng  a 84011425  a0849356563 aDLCcDLCdDLC aeng aWC 368 C645 a616.33 mar00a616.33 mar219 a8 ashm00a gastrointestinal disease /cmarvin..h .sleisenger aIncludes bibliographies and index. a7bcbccorignewd1eocipf19gy-gencatlg 2ddccBK c42890d42890 00102udc40708PËKGa002b002cPËKGd2018-02-20l0o616.33 marp002-2998316r2018-02-20w2018-02-20yBK